[Event "Moscow-Open 2021_A"]
[Site "Moscow"]
[Date "2021.02.24"]
[Round "5.17"]
[White "Galkin, Leonid"]
[Black "Tsoi, Dmitry"]
[Result "0-1"]
[WhiteElo "1914"]
[BlackElo "2334"]
[PlyCount "90"]
[EventDate "2021.02.20"]

1. e4 g6 2. d4 Bg7 3. Nc3 a6 4. Be3 b5 5. Qd2 Bb7 6. f3 d6 7. h4 h5 8. Nh3 Nd7
9. Ng5 c5 10. dxc5 Nxc5 11. a3 Rc8 12. Be2 Qc7 13. O-O-O Ne6 14. Nxe6 fxe6 15.
Bd4 Bxd4 16. Qxd4 e5 17. Qd2 Nf6 18. Kb1 Kf7 19. Nd5 Bxd5 20. exd5 Qc5 21. Rh3
Qf2 22. Bd3 Qxd2 23. Rxd2 Nxd5 24. Bxg6+ Kxg6 25. Rxd5 Kf5 26. g3 Rhg8 27. c3
Rg7 28. Rd1 Rcg8 29. Rg1 e4 30. fxe4+ Kxe4 31. Kc2 Rg4 32. Kd2 R8g6 33. Ke2 e5
34. Kd2 Kd5 35. Ke3 Kc4 36. Rg2 d5 37. Rg1 a5 38. Rg2 b4 39. axb4 axb4 40. cxb4
d4+ 41. Kd2 e4 42. Kc2 d3+ 43. Kd2 Kd4 44. b5 e3+ 45. Ke1 Rg8 0-1

[Event "Moscow-Open 2021_A"]
[Site "Moscow"]
[Date "2021.02.24"]
[Round "5.18"]
[White "Nesterov, Arseniy"]
[Black "Parpiev, Isaak"]
[Result "1-0"]
[WhiteElo "2476"]
[BlackElo "1790"]
[PlyCount "91"]
[EventDate "2021.02.20"]

1. d4 Nf6 2. c4 g6 3. Nc3 Bg7 4. e4 d6 5. Be2 O-O 6. Be3 e5 7. d5 Na6 8. g4 Nc5
9. f3 a5 10. h4 h5 11. g5 Nh7 12. Qd2 f6 13. gxf6 Bxf6 14. O-O-O Qe7 15. Nh3
Bxh3 16. Rxh3 Rf7 17. Rg1 Nf8 18. Kb1 Kh7 19. Bf1 Bg7 20. Qg2 Bh6 21. Bxh6 Kxh6
22. Rg3 Rf6 23. Rg5 Qf7 24. Be2 Kh7 25. Nd1 Kh8 26. Nf2 Nh7 27. Rxg6 Rxg6 28.
Qxg6 Qxg6 29. Rxg6 Rg8 30. Rxg8+ Kxg8 31. Nh1 Kf7 32. Ng3 Nf6 33. Bf1 Kg6 34.
Kc2 Nfd7 35. Bh3 Nb6 36. b3 Na6 37. Kc3 a4 38. b4 a3 39. Kb3 c5 40. b5 Nb4 41.
Bf1 Nc8 42. Nf5 b6 43. Ne3 Ne7 44. Kxa3 Kf6 45. Kb3 Ng6 46. Ng2 1-0

[Event "Moscow-Open 2021_A"]
[Site "Moscow"]
[Date "2021.02.24"]
[Round "5.19"]
[White "Teiitbaev, Aktilek"]
[Black "Manelyuk, Daniil"]
[Result "1/2-1/2"]
[WhiteElo "2100"]
[BlackElo "2386"]
[PlyCount "121"]
[EventDate "2021.02.20"]

1. d4 Nf6 2. c4 c5 3. d5 b5 4. cxb5 a6 5. bxa6 g6 6. Nc3 Bg7 7. e4 O-O 8. Nf3
Qa5 9. Bd2 d6 10. Be2 Bxa6 11. O-O Nbd7 12. a4 Qb6 13. Bxa6 Qxa6 14. Qc2 Rfb8
15. Nb5 Ne8 16. Bc3 Bxc3 17. Qxc3 Ndf6 18. Qe3 Qb7 19. Nd2 Nc7 20. Nxc7 Qxc7
21. b3 Qb6 22. Rac1 Qb4 23. Rc4 Qa5 24. h3 Rb4 25. f4 Rab8 26. Rf3 Nd7 27. Kh2
Qa6 28. Qd3 R4b7 29. Rc3 Qxd3 30. Rfxd3 Rb4 31. Rc4 f5 32. exf5 gxf5 33. a5
R4b5 34. Ra4 Kf7 35. Ra3 Nf6 36. Nc4 Ra8 37. Rd1 h5 38. a6 Ne4 39. a7 Nc3 40.
Rda1 Nxd5 41. Ra6 Rxb3 42. R1a5 Rb4 43. Nxd6+ exd6 44. Rxd6 Ne7 45. Rd7 Rxf4
46. Rxc5 Ke6 47. Rb7 Ra4 48. Rcc7 Nd5 49. Rh7 h4 50. Rh6+ Ke5 51. Rhh7 Ra2 52.
Rhd7 Rg8 53. Kh1 Ra1+ 54. Kh2 Ra2 55. Kh1 Ra1+ 56. Kh2 Ra2 57. Kh1 Rgxg2 58.
Rxd5+ Kxd5 59. a8=Q Rh2+ 60. Kg1 Rxa8 61. Kxh2 1/2-1/2

[Event "Moscow-Open 2021_A"]
[Site "Moscow"]
[Date "2021.02.24"]
[Round "5.20"]
[White "Assaubayeva, Bibisara"]
[Black "Tyurin, Artem"]
[Result "1-0"]
[WhiteElo "2378"]
[BlackElo "2130"]
[PlyCount "59"]
[EventDate "2021.02.20"]

1. d4 Nf6 2. c4 e6 3. Nf3 d5 4. Nc3 Bb4 5. Qa4+ Nc6 6. a3 Bxc3+ 7. bxc3 O-O 8.
e3 Bd7 9. Qc2 Na5 10. cxd5 exd5 11. Bd3 c5 12. Ne5 cxd4 13. exd4 Nc4 14. O-O
Be6 15. Bg5 h6 16. Bh4 Rc8 17. Bxc4 dxc4 18. f4 Qd6 19. f5 Bd5 20. Bxf6 Qxf6
21. Nd7 Qc6 22. Nxf8 Be4 23. Qd2 Rxf8 24. f6 g5 25. Rae1 Kh7 26. Re3 Bg6 27.
Re5 Rd8 28. Qe3 Rd6 29. Rc5 Qa4 30. Qe7 1-0

[Event "Moscow-Open 2021_A"]
[Site "Moscow"]
[Date "2021.02.24"]
[Round "5.22"]
[White "Gubajdullin, Alexei"]
[Black "Indzhiev, Aldar"]
[Result "1-0"]
[WhiteElo "2347"]
[BlackElo "2109"]
[PlyCount "91"]
[EventDate "2021.02.20"]

1. d4 Nf6 2. Bf4 b6 3. e3 Bb7 4. Nf3 g6 5. Be2 Bg7 6. O-O O-O 7. a4 a6 8. h3 d6
9. a5 b5 10. c4 bxc4 11. Bxc4 Nbd7 12. Nc3 c5 13. d5 Qc7 14. Re1 Rfb8 15. Qd3
Bc8 16. b3 Ne8 17. e4 Ne5 18. Nxe5 Bxe5 19. Bd2 Bd7 20. Ra2 Bxc3 21. Bxc3 Bb5
22. Rae2 Bxc4 23. bxc4 Rb3 24. Qc2 Rb7 25. f4 e5 26. dxe6 fxe6 27. Rd1 Rd8 28.
Red2 Qf7 29. Rf2 Ng7 30. Rf3 Rdd7 31. Qa4 d5 32. cxd5 exd5 33. exd5 Rxd5 34.
Re1 Rd6 35. Rfe3 Re6 36. Rxe6 Nxe6 37. Qc6 Re7 38. Qxa6 Nxf4 39. Qc8+ Qf8 40.
Qxf8+ Kxf8 41. Rxe7 Kxe7 42. a6 Nd5 43. Ba5 c4 44. a7 c3 45. a8=Q c2 46. Bd2
1-0

[Event "Moscow-Open 2021_A"]
[Site "Moscow"]
[Date "2021.02.24"]
[Round "5.23"]
[White "Zakaryan, David"]
[Black "Stepanyan, Eva"]
[Result "0-1"]
[WhiteElo "2335"]
[BlackElo "2119"]
[PlyCount "78"]
[EventDate "2021.02.20"]

1. Nf3 Nf6 2. g3 d5 3. Bg2 Bf5 4. O-O c6 5. d3 Nbd7 6. c4 e5 7. cxd5 cxd5 8.
Nh4 Be6 9. Nc3 Bc5 10. Bg5 h6 11. Bxf6 Nxf6 12. Rc1 Rc8 13. b4 Bb6 14. Qa4+ Qd7
15. Nf3 Ng4 16. Qd1 Bc7 17. h3 Nf6 18. d4 exd4 19. Qxd4 Bb6 20. Qd3 O-O 21. g4
d4 22. Nb5 Nd5 23. Rxc8 Rxc8 24. Ne5 Qe7 25. Qe4 Qxb4 26. Rb1 Qd2 27. Nf3 Qxa2
28. g5 Nc3 29. Nxc3 dxc3 30. gxh6 gxh6 31. Rc1 Qb2 32. Rc2 Qb1+ 33. Bf1 Bxh3
34. Nd2 Qe1 35. Kh2 Be6 36. Qg2+ Kh8 37. Ne4 Rg8 38. Rxc3 Rxg2+ 39. Bxg2 f5 0-1

[Event "Moscow-Open 2021_A"]
[Site "Moscow"]
[Date "2021.02.24"]
[Round "5.24"]
[White "Bachaliashvili, Eduard"]
[Black "Safin, Robert"]
[Result "0-1"]
[WhiteElo "1949"]
[BlackElo "2283"]
[PlyCount "100"]
[EventDate "2021.02.20"]

1. e4 c6 2. d4 d5 3. exd5 cxd5 4. Bd3 Nc6 5. c3 Qc7 6. Ne2 Bg4 7. f3 Bd7 8. Qb3
e5 9. dxe5 Nxe5 10. Bb5 Bc5 11. Bf4 O-O-O 12. Bxd7+ Rxd7 13. Qc2 Re7 14. Qf5+
Kb8 15. Bg3 Nh6 16. Qc2 Rhe8 17. Nd2 Nxf3+ 18. Nxf3 Rxe2+ 19. Qxe2 Rxe2+ 20.
Kxe2 Bd6 21. Bxd6 Qxd6 22. Rhe1 g5 23. g3 Ng4 24. Kf1 Qb6 25. Re2 Ne3+ 26. Ke1
f5 27. Nd4 f4 28. gxf4 gxf4 29. Kf2 Qh6 30. Ke1 Qg6 31. Rc1 Qg1+ 32. Kd2 Nc4+
33. Kc2 Qg6+ 34. Kd1 Qd3+ 35. Ke1 Ne3 36. a4 h5 37. h3 Qe4 38. Kd2 Nc4+ 39. Kd1
Qd3+ 40. Ke1 Qg3+ 41. Kd1 f3 42. Re8+ Kc7 43. Re7+ Kd8 44. b3 Qg1+ 45. Kc2 Qf2+
46. Re2 fxe2 47. bxc4 e1=Q+ 48. Kb3 Qxc1 49. cxd5 Qfb2+ 50. Kc4 Qcxc3# 0-1

[Event "Moscow-Open 2021_A"]
[Site "Moscow"]
[Date "2021.02.24"]
[Round "5.25"]
[White "Gvanceladze, Anna"]
[Black "Israfilov, Ali"]
[Result "1/2-1/2"]
[WhiteElo "2254"]
[BlackElo "1981"]
[PlyCount "83"]
[EventDate "2021.02.20"]

1. d4 Nf6 2. Nf3 g6 3. Nc3 d5 4. Bf4 Bg7 5. Qd2 c5 6. dxc5 O-O 7. Bh6 Nc6 8.
Bxg7 Kxg7 9. Rd1 Bf5 10. e3 e6 11. Bb5 Rc8 12. Nd4 Ne7 13. b4 b6 14. c6 Qd6 15.
a3 e5 16. Nxf5+ gxf5 17. O-O Rfd8 18. Rfe1 Nxc6 19. e4 Nxe4 20. Nxe4 fxe4 21.
Bxc6 Rxc6 22. Qg5+ Kf8 23. Rxe4 dxe4 24. Qxd8+ Qxd8 25. Rxd8+ Kg7 26. Rd7 Rxc2
27. g4 Rc1+ 28. Kg2 Rc2 29. Kf1 a5 30. bxa5 bxa5 31. Rd5 a4 32. Rxe5 Rc3 33.
Rxe4 Rxa3 34. Kg2 Kg6 35. h4 Ra1 36. Kf3 a3 37. Ra4 a2 38. Ra6+ Kg7 39. h5 h6
40. Kf4 Kh7 41. Kf5 Kg7 42. Ra7 1/2-1/2

[Event "Moscow-Open 2021_A"]
[Site "Moscow"]
[Date "2021.02.24"]
[Round "5.26"]
[White "Zhukov, Anton"]
[Black "Shoshin, Kirill"]
[Result "1-0"]
[WhiteElo "2237"]
[BlackElo "2030"]
[PlyCount "93"]
[EventDate "2021.02.20"]

1. d4 e6 2. c4 d5 3. Nc3 Nf6 4. Bf4 Be7 5. Nf3 O-O 6. a3 b6 7. Qc2 Ba6 8. cxd5
exd5 9. g3 Bd6 10. Bg2 Bxf4 11. gxf4 c6 12. Ne5 Re8 13. Bf3 Qd6 14. e3 Nbd7 15.
Qa4 Bb7 16. O-O Qe6 17. Ne2 Ne4 18. Bxe4 dxe4 19. Ng3 f6 20. Nxd7 Qxd7 21. Qc4+
Kh8 22. Rfc1 Rac8 23. b4 Rc7 24. a4 g6 25. a5 h5 26. Qe2 h4 27. Nf1 Bc8 28.
axb6 axb6 29. Nd2 Qf7 30. Kh1 g5 31. Nc4 Rd8 32. fxg5 fxg5 33. Ne5 Qf6 34. Ra8
Bh3 35. Rxd8+ Qxd8 36. Qh5+ Kg8 37. Qg6+ Rg7 38. Qxc6 Qf8 39. Qd5+ Kh8 40. Rc6
Kh7 41. Qxe4+ Bf5 42. Qf3 g4 43. Qf4 Ra7 44. e4 Ra1+ 45. Kg2 h3+ 46. Kg3 Ra3+
47. f3 1-0

[Event "Moscow-Open 2021_A"]
[Site "Moscow"]
[Date "2021.02.24"]
[Round "5.27"]
[White "Kalambetov, Anton"]
[Black "Khudyakov, Stanislav"]
[Result "0-1"]
[WhiteElo "1916"]
[BlackElo "2196"]
[PlyCount "74"]
[EventDate "2021.02.20"]

1. e4 g6 2. g3 Bg7 3. Bg2 c5 4. Nf3 Nc6 5. O-O d6 6. c3 e5 7. d3 Nge7 8. Be3
O-O 9. Na3 h6 10. Qd2 Kh7 11. d4 exd4 12. cxd4 b6 13. Rfd1 Bg4 14. Nc2 Qc8 15.
Rdc1 Bh3 16. b4 Bxg2 17. Kxg2 f5 18. Qd3 fxe4 19. Qxe4 d5 20. Qd3 c4 21. Qd2
Qg4 22. Bf4 g5 23. Ne5 Bxe5 24. Bxe5 Ng6 25. Ne3 Nh4+ 26. Kg1 Nf3+ 27. Kh1 Qe4
28. Qc2 Qxc2 29. Rxc2 Rad8 30. Rd1 Nxb4 31. Re2 Nd3 32. Ng2 h5 33. h3 b5 34. a3
Kg6 35. Rc2 Rde8 36. Ne3 Nfxe5 37. dxe5 Nxf2+ 0-1

[Event "Moscow-Open 2021_A"]
[Site "Moscow"]
[Date "2021.02.24"]
[Round "5.28"]
[White "Babakekhyan, Artem"]
[Black "Gukhman, Sergey"]
[Result "1-0"]
[WhiteElo "2181"]
[BlackElo "1667"]
[PlyCount "83"]
[EventDate "2021.02.20"]

1. Nf3 Nf6 2. g3 d5 3. Bg2 c6 4. O-O Bg4 5. h3 Bh5 6. d4 Nbd7 7. c4 e6 8. cxd5
exd5 9. Qb3 Qb6 10. Qe3+ Be7 11. Nh4 Bg6 12. Nc3 Kf8 13. f4 Be4 14. Nxe4 Nxe4
15. Bxe4 Bxh4 16. gxh4 dxe4 17. Qxe4 Nf6 18. Qd3 Re8 19. f5 h6 20. b3 Qa5 21.
Bf4 Qd5 22. Rad1 Re4 23. Rf2 Nd7 24. Qc4 Nb6 25. Qd3 f6 26. Qg3 Nc8 27. e3 Rg8
28. Rc1 Qf7 29. Qf3 Qe8 30. Rfc2 Nb6 31. Bd6+ Kf7 32. Rg2 g5 33. fxg6+ Kg7 34.
Be5 Rxe5 35. dxe5 Qxe5 36. e4 Qd4+ 37. Kh1 Re8 38. Re1 Qb4 39. Rge2 Nd7 40. e5
f5 41. Qxf5 Re7 42. Rd1 1-0

[Event "Moscow-Open 2021_A"]
[Site "Moscow"]
[Date "2021.02.24"]
[Round "5.29"]
[White "Bazyrtsyrenov, Kirill"]
[Black "Zhugin, Nikolay"]
[Result "1-0"]
[WhiteElo "2156"]
[BlackElo "1646"]
[PlyCount "93"]
[EventDate "2021.02.20"]

1. e4 c5 2. Nf3 Nc6 3. d4 cxd4 4. Nxd4 g6 5. Nc3 Bg7 6. Be3 Nf6 7. Nxc6 bxc6 8.
e5 Ng8 9. Bd4 Qc7 10. f4 Nh6 11. e6 O-O 12. Bxg7 Kxg7 13. Qd4+ Kg8 14. exd7
Bxd7 15. O-O-O Rfd8 16. Be2 Nf5 17. Qf2 Qb6 18. Qxb6 axb6 19. Bf3 Be8 20. Rxd8
Rxd8 21. Rd1 Rxd1+ 22. Kxd1 Kf8 23. b4 b5 24. a4 bxa4 25. Nxa4 f6 26. Nc5 Kf7
27. Kd2 Nd6 28. Kd3 h5 29. Nb3 Bd7 30. Nd4 e5 31. fxe5 fxe5 32. Bxc6 Bc8 33.
Nb5 Bf5+ 34. Kc3 Nc8 35. Bb7 Nb6 36. Nd6+ Ke6 37. Nxf5 gxf5 38. g3 e4 39. Kd4
Kd6 40. c4 Kc7 41. Ba6 Nd7 42. c5 Kc6 43. b5+ Kc7 44. h4 Nb8 45. b6+ Kc6 46.
Bc8 Nd7 47. b7 1-0

[Event "Moscow-Open 2021_A"]
[Site "Moscow"]
[Date "2021.02.24"]
[Round "5.30"]
[White "Agkatsev, Albert A"]
[Black "Yakimenko, Alexander A"]
[Result "0-1"]
[WhiteElo "1550"]
[BlackElo "2122"]
[PlyCount "74"]
[EventDate "2021.02.20"]

1. Nf3 e6 2. g3 Nf6 3. Bg2 b6 4. c4 Bb7 5. O-O c5 6. Nc3 Be7 7. b3 d6 8. Bb2
Nbd7 9. Qc2 O-O 10. Rad1 a6 11. Ne1 Bxg2 12. Nxg2 Qc7 13. e4 Rfe8 14. Ne3 Qb7
15. a4 Ne5 16. f4 Nc6 17. d3 Nd4 18. Qf2 Rf8 19. Ba3 b5 20. b4 cxb4 21. Bxb4 a5
22. Bxd6 Bxd6 23. e5 Bb4 24. exf6 Bxc3 25. fxg7 Rfd8 26. cxb5 Nf5 27. Nc2 Bxg7
28. g4 Nd4 29. Ne3 f5 30. h3 Rd7 31. Qa2 Kh8 32. g5 Nf3+ 33. Kf2 Nh2 34. Rfe1
Qf3+ 35. Kg1 Qg3+ 36. Kh1 Nf3 37. Qg2 Qxg2+ 0-1

[Event "Moscow-Open 2021_A"]
[Site "Moscow"]
[Date "2021.02.24"]
[Round "5.31"]
[White "Voinikonis, Nikita"]
[Black "Lauda, Alexandr"]
[Result "0-1"]
[WhiteElo "2208"]
[BlackElo "1923"]
[PlyCount "108"]
[EventDate "2021.02.20"]

1. e4 c5 2. Nf3 Nc6 3. d4 cxd4 4. Nxd4 e5 5. Nb5 d6 6. c4 Be6 7. Be2 Be7 8. O-O
Nf6 9. N5c3 Rc8 10. Be3 O-O 11. f3 Nh5 12. g3 Bg5 13. Bf2 Nf6 14. Nd5 Bh3 15.
Re1 Nxd5 16. cxd5 Nd4 17. Nc3 Qf6 18. f4 Nxe2+ 19. Nxe2 exf4 20. gxf4 Bxf4 21.
Nxf4 Qxf4 22. Bg3 Qh6 23. Rc1 Bg4 24. Qxg4 Rxc1 25. Kg2 Rxe1 26. Bxe1 Qg6 27.
Qxg6 fxg6 28. Kg3 a6 29. Bb4 Rd8 30. Kf4 Kf7 31. h4 Ke8 32. Ke3 Kd7 33. Bc3 Rg8
34. a3 h6 35. Kf4 Rf8+ 36. Kg4 Rf7 37. Bd4 Re7 38. Kf4 g5+ 39. hxg5 hxg5+ 40.
Kxg5 Rxe4 41. Bxg7 a5 42. Kf5 Re2 43. Bc3 a4 44. Kf4 Re8 45. Kf5 Kc7 46. Ba5+
b6 47. Bc3 Kb7 48. Kf4 Ka6 49. Bb4 Re5 50. Bxd6 Rxd5 51. Be5 Kb5 52. Bc3 Kc4
53. Ke4 b5 54. Bf6 Rd7 0-1

[Event "Moscow-Open 2021_A"]
[Site "Moscow"]
[Date "2021.02.24"]
[Round "5.32"]
[White "Gaer, Igor"]
[Black "Popov, Andrey"]
[Result "0-1"]
[WhiteElo "1916"]
[BlackElo "2182"]
[PlyCount "88"]
[EventDate "2021.02.20"]

1. d4 e6 2. e4 d5 3. exd5 exd5 4. Nf3 Nf6 5. c4 Bb4+ 6. Bd2 Bxd2+ 7. Nbxd2 O-O
8. Be2 Nc6 9. O-O dxc4 10. Nxc4 Bg4 11. h3 Be6 12. Nce5 Ne7 13. Qd2 c6 14. Rfd1
Ng6 15. b3 Nd5 16. Nxg6 hxg6 17. Bc4 Qf6 18. Ne5 Rad8 19. Bxd5 Rxd5 20. Qe3 c5
21. Nf3 Rfd8 22. Rd2 cxd4 23. Qe2 d3 24. Qd1 g5 25. Ne1 g4 26. Rc1 gxh3 27. g3
Rd4 28. Kh2 Bg4 29. f3 Bf5 30. Rc5 b6 31. Rc3 Qd6 32. Qa1 g5 33. Rc1 g4 34. Qc3
a5 35. Qc7 Qxc7 36. Rxc7 Re8 37. fxg4 Bxg4 38. Nxd3 Red8 39. Rf2 Rxd3 40. Rcxf7
Rd2 41. Rf8+ Kg7 42. R8f7+ Kg6 43. R7f4 Kg5 44. a3 b5 0-1

[Event "Moscow-Open 2021_A"]
[Site "Moscow"]
[Date "2021.02.24"]
[Round "5.33"]
[White "Medzinovskiy, Petr"]
[Black "Pranizin, Evgeny"]
[Result "1-0"]
[WhiteElo "2179"]
[BlackElo "1850"]
[PlyCount "93"]
[EventDate "2021.02.20"]

1. d4 d5 2. Nf3 Nf6 3. c4 e6 4. Nc3 Be7 5. Bg5 O-O 6. e3 b6 7. Rc1 Bb7 8. Bxf6
Bxf6 9. cxd5 exd5 10. Be2 Qe7 11. O-O Rd8 12. Qb3 c6 13. a4 c5 14. Rfd1 c4 15.
Qc2 Nc6 16. Ne1 Rac8 17. Bg4 Rb8 18. g3 g6 19. Ng2 Nb4 20. Qe2 a5 21. Nf4 Re8
22. Bf3 Rbd8 23. b3 cxb3 24. Qb2 Bg5 25. Qxb3 Bxf4 26. exf4 Qf6 27. Na2 Nxa2
28. Qxa2 g5 29. Rc7 Ba8 30. Bh5 Re7 31. Rxe7 Qxe7 32. Qd2 h6 33. Re1 Qf6 34.
fxg5 hxg5 35. Re5 Bc6 36. Rxg5+ Kf8 37. Rg4 Rd7 38. Qc1 Re7 39. Rf4 Qe6 40. Kg2
Bxa4 41. Qa3 Be8 42. h4 Kg8 43. Bg4 Qe1 44. Qd6 Re4 45. Rf3 Rxg4 46. Re3 Qb4
47. Rxe8+ 1-0

[Event "Moscow-Open 2021_A"]
[Site "Moscow"]
[Date "2021.02.24"]
[Round "5.34"]
[White "Sharikov, Alexander"]
[Black "Rakitin, Daniil"]
[Result "0-1"]
[WhiteElo "2170"]
[BlackElo "1851"]
[PlyCount "88"]
[EventDate "2021.02.20"]

1. d4 Nf6 2. Nc3 d6 3. e4 g6 4. Bf4 Bg7 5. Qd2 h6 6. O-O-O g5 7. Bg3 Nh5 8. Qe3
Nc6 9. e5 d5 10. Be2 Nxg3 11. hxg3 Bf5 12. g4 Be6 13. f4 gxf4 14. Qxf4 Qd7 15.
Nh3 O-O-O 16. Na4 b6 17. Bb5 Kb7 18. Qf1 Bxg4 19. Rd3 h5 20. Rc3 Rh6 21. Qxf7
Bh8 22. Qf4 Nxd4 23. Qxd4 Qxb5 24. Nf4 Rc6 25. b3 Rxc3 26. Nxc3 Qc5 27. Qxc5
bxc5 28. Na4 Bxe5 29. Nxc5+ Kc6 30. Nfd3 Bd6 31. b4 e5 32. Nb3 e4 33. Nd4+ Kd7
34. Nc5+ Bxc5 35. bxc5 Rf8 36. Kd2 Rf2+ 37. Ke3 Rxg2 38. Rf1 Bf3 39. Kf4 h4 40.
Ke5 c6 41. Rb1 h3 42. Rb7+ Kc8 43. Rh7 h2 44. Nf5 Kb8 0-1

[Event "Moscow-Open 2021_A"]
[Site "Moscow"]
[Date "2021.02.24"]
[Round "5.35"]
[White "Nakonechny, Ignat"]
[Black "Korshunov, Sergey And"]
[Result "1/2-1/2"]
[WhiteElo "2158"]
[BlackElo "1847"]
[PlyCount "69"]
[EventDate "2021.02.20"]

1. c4 Nf6 2. Nc3 g6 3. g3 Bg7 4. Bg2 O-O 5. d4 c5 6. d5 d6 7. Nh3 Na6 8. O-O
Nc7 9. Nf4 Rb8 10. Bd2 b5 11. cxb5 a6 12. a4 axb5 13. axb5 Nxb5 14. Nxb5 Rxb5
15. Bc3 Qc7 16. Qa4 Bd7 17. Qc4 Rfb8 18. Ra3 R5b7 19. Rfa1 Bb5 20. Qa2 Nd7 21.
Rb3 Ne5 22. Qa3 Qc8 23. Be1 Bd7 24. Rxb7 Qxb7 25. Rb1 Nc4 26. Qa2 Qb3 27. Qa7
Rb7 28. Qa8+ Rb8 29. Qa7 Rb7 30. Qa8+ Rb8 31. Qa7 Qb7 32. Qa2 Qb3 33. Qa7 Rb7
34. Qa8+ Rb8 35. Qa7 1/2-1/2

[Event "Moscow-Open 2021_A"]
[Site "Moscow"]
[Date "2021.02.24"]
[Round "5.36"]
[White "Komissarov, Alexey"]
[Black "Finkelstein, Alexander"]
[Result "1-0"]
[WhiteElo "2127"]
[BlackElo "1833"]
[PlyCount "65"]
[EventDate "2021.02.20"]

1. e4 e6 2. d4 d5 3. Nc3 Nf6 4. Bg5 Be7 5. e5 Nfd7 6. h4 h6 7. Be3 c5 8. Qg4
Kf8 9. f4 cxd4 10. Bxd4 Nc6 11. Nf3 Nxd4 12. Nxd4 Qb6 13. O-O-O a6 14. h5 Nc5
15. Rh3 Bd7 16. Rg3 Rg8 17. Qf3 Bb5 18. f5 Bxf1 19. fxe6 Nxe6 20. Rxf1 Ng5 21.
Rxg5 Bxg5+ 22. Kb1 f6 23. Nxd5 Qa5 24. exf6 gxf6 25. Nxf6 Rb8 26. Ne8+ Kxe8 27.
Qf7+ Kd8 28. Ne6+ Kc8 29. Rd1 Rd8 30. Nxd8 Bd2 31. Ne6 b5 32. Rxd2 Qxd2 33.
Qc7# 1-0

[Event "Moscow-Open 2021_A"]
[Site "Moscow"]
[Date "2021.02.24"]
[Round "5.37"]
[White "Mochalin, Faddey"]
[Black "Khripachenko, Alexander"]
[Result "1-0"]
[WhiteElo "2110"]
[BlackElo "1825"]
[PlyCount "221"]
[EventDate "2021.02.20"]

1. c4 Nf6 2. Nc3 d5 3. cxd5 Nxd5 4. e4 Nb4 5. d3 e5 6. Be2 N4c6 7. Nf3 Bg4 8.
Be3 Bxf3 9. Bxf3 Nd4 10. O-O Nbc6 11. Rc1 Bd6 12. Bg4 O-O 13. Kh1 Kh8 14. g3
Nb4 15. a3 Na6 16. f4 c6 17. Ne2 c5 18. Nxd4 exd4 19. Bd2 Qb6 20. e5 Be7 21.
Qc2 f5 22. Bf3 Rac8 23. Rb1 Rfd8 24. Qc4 Qc7 25. Rfc1 Qd7 26. Qf7 b5 27. e6 Qd6
28. Qxf5 g6 29. Qe4 c4 30. Qe2 Nc5 31. dxc4 Nb3 32. Bb4 Qc7 33. Bxe7 Qxe7 34.
Qe5+ Qg7 35. e7 Re8 36. Re1 Qxe5 37. Rxe5 bxc4 38. Bd5 Rc7 39. Rd1 Kg7 40. g4
a5 41. f5 Rcxe7 42. Rxe7+ Rxe7 43. Bxc4 a4 44. Bb5 gxf5 45. Bxa4 Nc5 46. Bb5
Rb7 47. a4 fxg4 48. Rxd4 Nxa4 49. Bxa4 Rxb2 50. Rxg4+ Kf6 51. Rh4 Kg7 52. Bc6
Re2 53. Be4 h6 54. Kg1 Rd2 55. Rg4+ Kf7 56. Bg2 Kf6 57. h4 Kf5 58. Bh3 Ke5 59.
Rg3 Rd4 60. h5 Rh4 61. Kf2 Rxh5 62. Bg2 Rf5+ 63. Bf3 Rf6 64. Rh3 Rb6 65. Kg3
Rg6+ 66. Bg4 Rb6 67. Kh4 Ke4 68. Kh5 Rd6 69. Rb3 Rf6 70. Bd7 Rd6 71. Be8 Kf5
72. Bg6+ Kf4 73. Rb4+ Ke5 74. Re4+ Kd5 75. Re1 Rf6 76. Kxh6 Rf2 77. Kg5 Kd4 78.
Bf5 Rb2 79. Kf6 Rb6+ 80. Be6 Rb2 81. Rd1+ Ke4 82. Bd5+ Kf4 83. Rf1+ Ke3 84. Ke5
Rb8 85. Rf3+ Ke2 86. Rc3 Kd2 87. Kd4 Rb4+ 88. Bc4 Rb8 89. Rd3+ Kc2 90. Rh3 Rd8+
91. Bd5 Rd7 92. Rh2+ Kc1 93. Kc4 Rc7+ 94. Kb3 Rg7 95. Be4 Rg3+ 96. Kc4 Ra3 97.
Bd3 Ra7 98. Kb3 Rb7+ 99. Kc3 Rc7+ 100. Bc4 Rd7 101. Rh8 Rd6 102. Ra8 Rb6 103.
Re8 Rd6 104. Rb8 Rh6 105. Rb5 Rh8 106. Rf5 Rd8 107. Re5 Rd7 108. Re8 Rd6 109.
Bb5 Rd5 110. Bd3 Kd1 111. Bc2+ 1-0

[Event "Moscow-Open 2021_A"]
[Site "Moscow"]
[Date "2021.02.24"]
[Round "5.38"]
[White "Gorovenko, Darya"]
[Black "Andreev, Konstantin"]
[Result "1/2-1/2"]
[WhiteElo "2106"]
[BlackElo "1819"]
[PlyCount "120"]
[EventDate "2021.02.20"]

1. d4 Nf6 2. Nf3 e6 3. g3 d5 4. Bg2 Be7 5. O-O O-O 6. c4 c6 7. Nc3 b6 8. b3 Ba6
9. Nd2 b5 10. c5 b4 11. Na4 Bb5 12. a3 Bxa4 13. bxa4 bxa3 14. Nf3 Nbd7 15. Rxa3
Ne4 16. Rb3 e5 17. e3 Qc7 18. Bh3 Nef6 19. Bb2 e4 20. Nd2 Rfb8 21. Bc3 h5 22.
Qe2 h4 23. Rfb1 hxg3 24. hxg3 a5 25. Qe1 Bd8 26. R1b2 Qa7 27. Qb1 Rxb3 28. Rxb3
Rb8 29. Rxb8 Nxb8 30. Nb3 Nh7 31. Nd2 Ng5 32. Bc8 Nf3+ 33. Nxf3 exf3 34. Bg4
Na6 35. Bxf3 Nb4 36. e4 dxe4 37. Qxe4 Qd7 38. Bg4 Qd5 39. Qxd5 Nxd5 40. Bb2 Bf6
41. Kf1 Kf8 42. Ke2 Ke7 43. Kd3 Bg5 44. f4 Bf6 45. Bf3 Nb4+ 46. Kc4 Kd7 47. Bc3
Kc7 48. Bh5 g6 49. Bf3 Bg7 50. Bxb4 axb4 51. d5 cxd5+ 52. Bxd5 f5 53. Bf7 Bc3
54. Bxg6 Be1 55. Bxf5 Bxg3 56. Kxb4 Bxf4 57. Kb5 Kb8 58. Kb6 Bc7+ 59. Ka6 Bg3
60. Be4 Bc7 1/2-1/2

[Event "Moscow-Open 2021_A"]
[Site "Moscow"]
[Date "2021.02.24"]
[Round "5.39"]
[White "Popovich, Alexey"]
[Black "Averin, Nikolay"]
[Result "1-0"]
[WhiteElo "2102"]
[BlackElo "1818"]
[PlyCount "59"]
[EventDate "2021.02.20"]

1. e4 c5 2. Nf3 e6 3. g3 Nc6 4. Bg2 d6 5. O-O Nf6 6. Qe2 Be7 7. c3 e5 8. Rd1
Bg4 9. h3 Bxf3 10. Bxf3 Qb6 11. d3 O-O-O 12. Na3 Nd7 13. Be3 Bf6 14. b4 Qc7 15.
Nb5 Qb8 16. a4 a6 17. Na3 cxb4 18. cxb4 Nxb4 19. Rdc1+ Nc5 20. Bxc5 dxc5 21.
Rxc5+ Nc6 22. Rb1 Qc7 23. Nb5 axb5 24. axb5 Rd6 25. Qa2 Re8 26. bxc6 Rxc6 27.
Bg4+ Kd8 28. Rd5+ Ke7 29. Qa3+ Rc5 30. Rxc5 1-0

[Event "Moscow-Open 2021_A"]
[Site "Moscow"]
[Date "2021.02.24"]
[Round "5.40"]
[White "Gotsiuk, Denis"]
[Black "Boktaev, Adyan"]
[Result "1-0"]
[WhiteElo "2102"]
[BlackElo "1808"]
[PlyCount "88"]
[EventDate "2021.02.20"]

1. d4 Nf6 2. Bf4 b6 3. e3 Bb7 4. Nf3 Nh5 5. Bg5 h6 6. Bh4 g5 7. Bg3 Nxg3 8.
hxg3 Bg7 9. Bd3 d6 10. Qe2 Nd7 11. Ba6 Qc8 12. Bxb7 Qxb7 13. c3 c5 14. Nbd2 b5
15. a3 a5 16. Qd3 c4 17. Qc2 Rc8 18. Rd1 Nf8 19. g4 Qd7 20. Qf5 Nh7 21. Qxd7+
Kxd7 22. Ne4 Nf6 23. Nxf6+ Bxf6 24. e4 Bg7 25. Nd2 b4 26. axb4 axb4 27. Ra1 Rc7
28. Ke2 Rb8 29. Ra4 e6 30. Rha1 bxc3 31. bxc3 Rb2 32. R1a2 Rxa2 33. Rxa2 d5 34.
exd5 exd5 35. Nf1 Bf8 36. Ne3 Kc6 37. Ra8 Bd6 38. Ra6+ Kd7 39. Nxd5 Rc6 40.
Ra7+ Ke6 41. Ne3 Rc8 42. Ra6 Kd7 43. Ra4 Rb8 44. Nxc4 Bc7 1-0

[Event "Moscow-Open 2021_A"]
[Site "Moscow"]
[Date "2021.02.24"]
[Round "5.41"]
[White "Khmelev, Mikhail"]
[Black "Shturman, Arseniy"]
[Result "0-1"]
[WhiteElo "2077"]
[BlackElo "1782"]
[PlyCount "90"]
[EventDate "2021.02.20"]

1. e4 c5 2. Nf3 d6 3. d4 cxd4 4. Nxd4 Nf6 5. Nc3 a6 6. Rg1 e5 7. Nb3 Be6 8. g4
d5 9. exd5 Nxd5 10. Qf3 Nxc3 11. Qxc3 Nc6 12. Bd2 Rc8 13. O-O-O Nd4 14. Nxd4
Rxc3 15. Nxe6 Rxc2+ 16. Kxc2 Qc8+ 17. Bc3 Qxe6 18. b3 Bc5 19. Bc4 Qg6+ 20. Bd3
Qf6 21. Bf5 O-O 22. Rge1 Bd4 23. Bb4 Rd8 24. Re2 g6 25. Be4 Qb6 26. Be1 a5 27.
Kb1 Qc5 28. Rc1 Qb5 29. Rec2 Rf8 30. Rc4 a4 31. Bb4 axb3 32. axb3 Bc5 33. Rxc5
Qxb4 34. Bd5 Rd8 35. Rc8 Rxc8 36. Rxc8+ Kg7 37. f3 Qd2 38. Bc4 Qd1+ 39. Kb2
Qxf3 40. Rc7 Qxg4 41. Bxf7 Qe2+ 42. Ka3 Qa6+ 43. Kb2 Qb6 44. Rd7 Qc6 45. Be8+
Kf8 0-1

[Event "Moscow-Open 2021_A"]
[Site "Moscow"]
[Date "2021.02.24"]
[Round "5.42"]
[White "Popov, Maksim"]
[Black "Kirushin, Ivan"]
[Result "1-0"]
[WhiteElo "2062"]
[BlackElo "1765"]
[PlyCount "63"]
[EventDate "2021.02.20"]

1. e4 d6 2. d4 g6 3. f4 Bg7 4. Nf3 Bg4 5. c3 c6 6. h3 Bxf3 7. Qxf3 Nd7 8. Bc4
e6 9. O-O d5 10. exd5 cxd5 11. Bd3 Ne7 12. Nd2 O-O 13. Qf2 Nf5 14. Kh2 Re8 15.
Nf3 Nd6 16. Be3 f6 17. Qc2 Nf7 18. Rad1 e5 19. dxe5 fxe5 20. Bb5 a6 21. Ba4 b5
22. Bb3 Nf6 23. fxe5 Nxe5 24. Nxe5 Rxe5 25. Bd4 Ne4 26. Kg1 Re6 27. Qd3 Rc8 28.
Bxg7 Kxg7 29. Bxd5 Qb6+ 30. Qd4+ Nf6 31. Bxe6 Qxe6 32. Rxf6 1-0